000 00662nam a2200241Ia 4500
003 OSt
005 20221007080544.0
006 a|||||r|||| 00| 0
007 ta
008 221006b |||||||| |||| 00| 0 eng d
020 _a070691001X
_cRs. 95/-
024 _a17,934
037 _cTextual
040 _aFLL
_cFLL
_beng
041 _2eng
_aeng
082 _aY15.2.N7, L9
100 _aJeffery Patricia
245 0 _aFrogs in a Well Indian women in Purdah
260 _aNew Delhi
_bVikas Publishing House Pvt. Ltd. India
_c1979
300 _a187p
_ccm.
942 _hY15.2.N7, L9
_cTEXL
_2CC
999 _c1160075
_d1160075